Documento dirigido al Obispo de Puebla de los Ángeles. (Record no. 4866)

MARC details
000 -CABECERA
campo de control de longitud fija 01077nam a2200253 a 4500
001 - NÚMERO DE CONTROL
campo de control BRCA_5172
005 - FECHA Y HORA DE LA ÚLTIMA TRANSACCIÓN
campo de control 20190320204954.0
008 - DATOS DE LONGITUD FIJA--INFORMACIÓN GENERAL
campo de control de longitud fija 241110s1789----sp-######v---#000-0#spa-#
041 ## - CÓDIGO DE LENGUA
Código de lengua del texto/banda sonora o título independiente spa
044 ## - CÓDIGO DEL PAÍS DE LA ENTIDAD EDITORA/PRODUCTORA
Código MARC del país mx
084 ## - OTRO NÚMERO DE CLASIFICACIÓN
Número de clasificación DOC119B
Número de documento/Ítem .D63
-- 1789
245 10 - MENCIÓN DE TÍTULO
Título Documento dirigido al Obispo de Puebla de los Ángeles.
260 ## - PUBLICACIÓN, DISTRIBUCIÓN, ETC.
Lugar de publicación, distribución, etc. Madrid
Fecha de publicación, distribución, etc. 1789
300 ## - DESCRIPCIÓN FÍSICA
Extensión [1] foja
Dimensiones 29 x 21 cm.
500 ## - NOTA GENERAL
Nota general Documento firmado el 25 de febrero de 1789.
500 ## - NOTA GENERAL
Nota general Comunicación dirigida al Obispo de Puebla de los Ángeles, dando cuenta de la concesión hecha por el Comisario General de la Orden de San Francisco como visitador y reformador apostólico de todas las Provincias y Colegios de su jurisdicción.
500 ## - NOTA GENERAL
Nota general El documento contiene la leyenda DOC. #285.
506 0# - NOTA DE RESTRICCIONES AL ACCESO
Limitaciones de acceso Fondo Reservado. Para su consulta es necesario credencial de usuario y carta de motivos.
546 ## - NOTA DE LENGUA/LENGUAJE
Nota de lengua/lenguaje Texto en: Español de finales del siglo XVIII.
650 14 - PUNTO DE ACCESO ADICIONAL DE MATERIA--TÉRMINO DE MATERIA
Término de materia o nombre geográfico como elemento de entrada Documentos legales
Subdivisión general Historia
9 (RLIN) 13232
651 #4 - PUNTO DE ACCESO ADICIONAL DE MATERIA--NOMBRE GEOGRÁFICO
Nombre geográfico México
Subdivisión general Historia
Subdivisión cronológica Colonia, 1521-1821
9 (RLIN) 12461
902 ## - CATALOGADOR
Iniciales FDH
942 ## - ELEMENTOS DE PUNTO DE ACCESO ADICIONAL (KOHA)
Fuente del sistema de clasificación o colocación Library of Congress Classification
Tipo de ítem Koha Documentos
Holdings
Estado de retiro Estado de pérdida Estado dañado No para préstamo Localización permanente Ubicación/localización actual Fecha de adquisición Total de préstamos Signatura topográfica completa Código de barras Fecha visto por última vez Precio válido a partir de Tipo de ítem Koha
El ejemplar forma parte de la colección y puede ser consultado según las políticas vigentes.       Biblioteca del Museo Franz Mayer (Rogerio Casas-Alatriste) Biblioteca del Museo Franz Mayer (Rogerio Casas-Alatriste) 24/11/2010   DOC119B .D63 1789 5516 22/03/2019 22/03/2019 Documentos